| 000 -LEADER |
| fixed length control field |
00821nam a2200241Ia 4500 |
| 020 ## - INTERNATIONAL STANDARD BOOK NUMBER |
| ISBN |
0028267524 (Course 1, student ed.) |
| 020 ## - INTERNATIONAL STANDARD BOOK NUMBER |
| ISBN |
0028268040 (Course 2, student ed.) |
| 020 ## - INTERNATIONAL STANDARD BOOK NUMBER |
| ISBN |
0028268563 (Course 3, student ed.) |
| 020 ## - INTERNATIONAL STANDARD BOOK NUMBER |
| ISBN |
0028267532 (Course 1, teacher ed.) |
| 020 ## - INTERNATIONAL STANDARD BOOK NUMBER |
| ISBN |
0028268059 (Course 2, teacher ed.) |
| 020 ## - INTERNATIONAL STANDARD BOOK NUMBER |
| ISBN |
0028268571 (Course 3, teacher ed.) |
| 040 ## - CATALOGING SOURCE |
| Transcribing agency |
NRC |
| 082 ## - DEWEY DECIMAL CLASSIFICATION NUMBER |
| Classification number |
500 GLE 1994 A033 Or. |
| 245 00 - TITLE STATEMENT |
| Title |
Science interactions |
| 260 ## - PUBLICATION, DISTRIBUTION, ETC. (IMPRINT) |
| Place of publication |
New York, N.Y. : |
| Name of publisher |
Glencoe, |
| Year of publication |
[1994], c1995 |
| 300 ## - PHYSICAL DESCRIPTION |
| Number of Pages |
3 v. : |
| Other physical details |
ill. (some col.) ; |
| Dimensions |
26 cm. + |
| Accompanying material |
3 teacher wraparound eds |
| 500 ## - GENERAL NOTE |
| General note |
For middle and junior high school students |
| 500 ## - GENERAL NOTE |
| General note |
"Authors: Bill Aldridge ... [et al.]"--p. iii |
| 500 ## - GENERAL NOTE |
| General note |
Includes index |
| 650 #0 - SUBJECT ADDED ENTRY--TOPICAL TERM |
| Topical Term |
Science |
| 700 1# - ADDED ENTRY--PERSONAL NAME |
| Personal name |
Aldridge, Bill G |
| 942 ## - ADDED ENTRY ELEMENTS (KOHA) |
| Koha item type |
សៀវភៅភាសាអង់គ្លេស |
| 952 ## - LOCATION AND ITEM INFORMATION (KOHA) |
| Withdrawn status [LOCAL, KOHA] |
0 |